000 00380nam a2200121Ia 4500
008 220615s9999||||xx |||||||||||||| ||und||
245 0 _aParasitic Diseases
_bSchistosomiasis
546 _aEnglish[eng]
650 _aInfectious & contagious diseases
700 _aEl Ridi, Rashika
856 _uhttps://mts.intechopen.com/storage/books/3411/authors_book/authors_book.pdf
942 _cEB
999 _c9123
_d9123